00621nam a2200181Ia 4500008004100000020001800041041000800059082001600067100001800083245004500101260002300146300000800169365001600177700001800193906005100211999001900262952015800281230718s9999 xx 000 0 und d a9781935707066 aeng a510.76bMAN aManhattan GRE aWord Translations bGRE Strategy Guide 5 c2010bMG Prep Inc. a144 cRs.b936.00 aManhattan GRE dO:0206021-Sep-2011B:254430-Aug-2011cMECHb234 c328632d328632 00104070aCCEPbCCEPd2011-09-15eOm Book StallfMECHg702.00i2544l0o510.76pCCEP-BK-39839r2023-07-18 00:00:00t234v936.00w2011-08-30yBKz039839